<?xml version="1.0" encoding="UTF-8"?>
<collection xmlns="http://www.loc.gov/MARC21/slim">
<record>
  <controlfield tag="001">7227</controlfield>
  <controlfield tag="005">20250106085228.0</controlfield>
  <datafield tag="100" ind1=" " ind2=" ">
    <subfield code="a">Van Noten, Koen</subfield>
  </datafield>
  <datafield tag="245" ind1=" " ind2=" ">
    <subfield code="a">Herdenking van de aardbeving van Luik in 1983 - Commémoration du séisme de Liège en 1983</subfield>
  </datafield>
  <datafield tag="260" ind1=" " ind2=" ">
    <subfield code="c">2023</subfield>
  </datafield>
  <datafield tag="269" ind1=" " ind2=" ">
    <subfield code="c">2023-11-06</subfield>
  </datafield>
  <datafield tag="520" ind1=" " ind2=" ">
    <subfield code="a">Komende woensdag 8 november 2023 is het exact 40 jaar geleden dat een middelzware aardbeving de stad Luik deed opschrikken. Deze aardbeving vond midden in de nacht plaats om 1u49 lokale tijd (0u49 UTC) en had een epicentrum in de gemeente Saint Nicolas, een dichtbevolkte gemeente in het westen van de agglomeratie Luik. Tot op heden is dit de laatste aardbeving met aanzienlijke schade in België. De aardbeving had een lokale magnitude van 5.0 en zijn hypocentrum werd berekend op 5,8 kilometer diepte met een onzekerheid van 1 ,2 kilometer. De aardbeving werd over het hele Belgische grondgebied gevoeld, tot zelfs in Amsterdam (NL) in het noorden, Frankfurt (DE) in het oosten en Metz (FR) in het zuiden. Ce mercredi 8 novembre 2023 marque le 40ème anniversaire d'un tremblement de terre de moyenne magnitude ayant eu lieu à Liège. Ce séisme eu lieux à 1h49 heure locale (0h49 UTC) et avec son épicentre à Saint Nicolas, commune densément peuplée à l'ouest de Liège. Il s'agit à ce jour du dernier tremblement de terre ayant causé des dégâts importants en Belgique. Sa magnitude locale fut mesurée à 5,0 et son hypocentre évalué à une profondeur de 5,8 kilomètres, avec une incertitude de 1,2 kilomètres. Le séisme fut ressenti au delà du territoire belge, jusqu'à Amsterdam (NL) au nord, Francfort (DE) à l'est et Metz (FR) au sud.</subfield>
  </datafield>
  <datafield tag="594" ind1=" " ind2=" ">
    <subfield code="a">NO</subfield>
  </datafield>
  <datafield tag="653" ind1="1" ind2=" ">
    <subfield code="a">Liège 1983</subfield>
  </datafield>
  <datafield tag="653" ind1="1" ind2=" ">
    <subfield code="a">earthquake</subfield>
  </datafield>
  <datafield tag="653" ind1="1" ind2=" ">
    <subfield code="a">commemoration</subfield>
  </datafield>
  <datafield tag="700" ind1=" " ind2=" ">
    <subfield code="a">Lecocq, Thomas </subfield>
  </datafield>
  <datafield tag="700" ind1=" " ind2=" ">
    <subfield code="a">Collin, Fabienne</subfield>
  </datafield>
  <datafield tag="700" ind1=" " ind2=" ">
    <subfield code="a">Vanneste, Kris</subfield>
  </datafield>
  <datafield tag="700" ind1=" " ind2=" ">
    <subfield code="a">De Plaen, Raphael</subfield>
  </datafield>
  <datafield tag="856" ind1="0" ind2=" ">
    <subfield code="f">koen.vannoten@ksb-orb.be</subfield>
  </datafield>
  <datafield tag="856" ind1="4" ind2="2">
    <subfield code="a">https://www.astro.oma.be/en/commemoration-of-the-liege-1983-earthquake/</subfield>
  </datafield>
  <datafield tag="856" ind1="4" ind2=" ">
    <subfield code="s">51091</subfield>
    <subfield code="u">http://publi2-as.oma.be/record/7227/files/Liege83_gold.png</subfield>
  </datafield>
  <datafield tag="856" ind1="4" ind2=" ">
    <subfield code="s">872499</subfield>
    <subfield code="u">http://publi2-as.oma.be/record/7227/files/40 jaar Luik - Persbericht.pdf</subfield>
  </datafield>
  <datafield tag="856" ind1="4" ind2=" ">
    <subfield code="s">873508</subfield>
    <subfield code="u">http://publi2-as.oma.be/record/7227/files/40 ans Liège - Communiqué de Presse.pdf</subfield>
  </datafield>
  <datafield tag="856" ind1="4" ind2=" ">
    <subfield code="s">912226</subfield>
    <subfield code="u">http://publi2-as.oma.be/record/7227/files/40 years Liège - Press release.pdf</subfield>
  </datafield>
  <datafield tag="856" ind1="4" ind2=" ">
    <subfield code="s">16246</subfield>
    <subfield code="u">http://publi2-as.oma.be/record/7227/files/40 jaar Luik - Persbericht.gif?subformat=icon</subfield>
    <subfield code="x">icon</subfield>
  </datafield>
  <datafield tag="856" ind1="4" ind2=" ">
    <subfield code="s">16577</subfield>
    <subfield code="u">http://publi2-as.oma.be/record/7227/files/40 years Liège - Press release.gif?subformat=icon</subfield>
    <subfield code="x">icon</subfield>
  </datafield>
  <datafield tag="856" ind1="4" ind2=" ">
    <subfield code="s">16682</subfield>
    <subfield code="u">http://publi2-as.oma.be/record/7227/files/40 ans Liège - Communiqué de Presse.gif?subformat=icon</subfield>
    <subfield code="x">icon</subfield>
  </datafield>
  <datafield tag="856" ind1="4" ind2=" ">
    <subfield code="s">23085</subfield>
    <subfield code="u">http://publi2-as.oma.be/record/7227/files/40 jaar Luik - Persbericht.jpg?subformat=icon-180</subfield>
    <subfield code="x">icon-180</subfield>
  </datafield>
  <datafield tag="856" ind1="4" ind2=" ">
    <subfield code="s">23390</subfield>
    <subfield code="u">http://publi2-as.oma.be/record/7227/files/40 ans Liège - Communiqué de Presse.jpg?subformat=icon-180</subfield>
    <subfield code="x">icon-180</subfield>
  </datafield>
  <datafield tag="856" ind1="4" ind2=" ">
    <subfield code="s">23579</subfield>
    <subfield code="u">http://publi2-as.oma.be/record/7227/files/40 years Liège - Press release.jpg?subformat=icon-180</subfield>
    <subfield code="x">icon-180</subfield>
  </datafield>
  <datafield tag="856" ind1="4" ind2=" ">
    <subfield code="s">4813</subfield>
    <subfield code="u">http://publi2-as.oma.be/record/7227/files/Liege83_gold.gif?subformat=icon</subfield>
    <subfield code="x">icon</subfield>
  </datafield>
  <datafield tag="856" ind1="4" ind2=" ">
    <subfield code="s">9723</subfield>
    <subfield code="u">http://publi2-as.oma.be/record/7227/files/Liege83_gold.jpg?subformat=icon-180</subfield>
    <subfield code="x">icon-180</subfield>
  </datafield>
  <datafield tag="980" ind1=" " ind2=" ">
    <subfield code="a">PRESSREL</subfield>
  </datafield>
</record>
</collection>